Current US Senators by Picture - Statistics

General Stats
  • This quiz has been taken 24,326 times
    1,204 since last reset
  • The average score is 67 of 100
Answer Stats
Picture Hint Answer % Correct
Vermont - I Bernie Sanders
93%
Massachusetts - D Elizabeth Warren
93%
Texas - R Ted Cruz
93%
Arizona - D Mark Kelly
92%
Kentucky - R Mitch McConnell
91%
New York - D Charles Schumer
89%
New Jersey - D Cory Booker
89%
Georgia - D Jon Ossoff
89%
Pennsylvania - D John Fetterman
88%
Kentucky - R Rand Paul
88%
Florida - R Rick Scott
88%
South Carolina - R Tim Scott
88%
Alaska - R Lisa Murkowski
86%
Georgia - D Raphael Warnock
86%
Maine - R Susan Collins
86%
Louisiana - R John Neely Kennedy
85%
Maine - I Angus King
84%
South Carolina - R Lindsey Graham
84%
Arkansas - R Tom Cotton
84%
Minnesota - D Amy Klobuchar
83%
Arizona - D Ruben Gallego
83%
California - D Adam Schiff
82%
Iowa - R Chuck Grassley
82%
Virginia - D Tim Kaine
82%
Alabama - R Tommy Tuberville
82%
Illinois - D Tammy Duckworth
80%
California - D Alex Padilla
79%
Texas - R John Cornyn
79%
Missouri - R Joshua Hawley
78%
Alabama - R Katie Britt
78%
New Jersey - D Andy Kim
77%
Illinois - D Richard Durbin
77%
South Dakota - R John Thune
76%
Mississippi - R Cindy Hyde-Smith
75%
Minnesota - D Tina Smith
75%
Michigan - D Elissa Slotkin
74%
New York - D Kirsten Gillibrand
73%
Delaware - D Chris Coons
72%
Connecticut - D Chris Murphy
72%
Colorado - D John Hickenlooper
72%
Alaska - R Dan Sullivan
71%
North Carolina - R Thom Tillis
71%
Massachusetts - D Ed Markey
70%
Iowa - R Joni Ernst
69%
Tennessee - R Marsha Blackburn
69%
Michigan - D Gary Peters
68%
Colorado - D Michael Bennet
68%
Utah - R Mike Lee
68%
Maryland - D Chris Van Hollen
67%
Connecticut - D Richard Blumenthal
67%
Wisconsin - R Ron Johnson
67%
Louisiana - R Bill Cassidy
66%
Hawaii - D Mazie Hirono
66%
Rhode Island - D Sheldon Whitehouse
66%
Maryland - D Angela Alsobrooks
65%
Florida - R Ashley Moody
65%
West Virginia - R Jim Justice
65%
Hawaii - D Brian Schatz
64%
Nevada - D Catherine Cortez Masto
64%
Nevada - D Jacky Rosen
64%
Wisconsin - D Tammy Baldwin
64%
Ohio - R Bernie Moreno
61%
Virginia - D Mark Warner
61%
New Hampshire - D Jeanne Shaheen
60%
New Hampshire - D Maggie Hassan
60%
Washington - D Patty Murray
60%
Pennsylvania - R Dave McCormick
59%
Nebraska - R Pete Ricketts
59%
Delaware - D Lisa Blunt Rochester
58%
Nebraska - R Deb Fischer
57%
Montana - R Tim Sheehy
57%
New Mexico - D Martin Heinrich
56%
New Mexico - D Ben Ray Luján
55%
Arkansas - R John Boozman
55%
Idaho - R Mike Crapo
55%
Vermont - D Peter Welch
55%
Oklahoma - R James Lankford
54%
Oregon - D Ron Wyden
53%
West Virginia - R Shelley Moore Capito
53%
Montana - R Steve Daines
53%
Indiana - R Todd Young
53%
Wyoming - R Cynthia Lummis
52%
Oregon - D Jeff Merkley
52%
Idaho - R Jim Risch
51%
Ohio - R John Husted
51%
North Carolina - R Ted Budd
50%
Rhode Island - D Jack Reed
48%
Wyoming - R John Barrasso
48%
Indiana - R Jim Banks
46%
Mississippi - R Roger Wicker
46%
Tennessee - R Bill Hagerty
45%
Washington - D Maria Cantwell
45%
Kansas - R Roger Marshall
44%
Kansas - R Jerry Moran
43%
Missouri - R Eric Schmitt
42%
Utah - R John Curtis
42%
North Dakota - R John Hoeven
40%
South Dakota - R Mike Rounds
40%
North Dakota - R Kevin Cramer
38%
Oklahoma - R Alan Armstrong
36%
No matching quizzes found
Score Distribution
Percent of People with Each Score
Percentile by Number Answered
Your Score History
You have not taken this quiz since the last reset